Datum a čas kvízu

22 Celkem bodů Celkový počet nahraných bodů na tomto kvízu bez doplňovacích otázek.
3. Pořadí na kvízu Konečné umístění týmu na tomto kvízu.

Zaznamenané odpovědi

# Otázka Odpověď Body Výsledky
1. Mimořádně cenné záběry z jisté... 1
2. Dánsko chce na hranicích s Něm... 1
3. Kdo poslouchal dne 21. března... 0
4. Majitelé účtů v České spořitel... 0
5. V minulých dnech bylo rozhodnu... 0
6. Budeme se zabývat slovy, která... 0
7. Bezpečnostní informační služba... 0
8. Jak se jmenuje objekt, který v... 1
9. Logo které mezinárodní organiz... 0
10. Na fotce je zobrazen hrad, kte... 1